Denver RTD Lightrail Stations - Statistics

General Stats
  • This quiz has been taken 31 times
  • The average score is 78 of 106
Answer Stats
Line Answer % Correct
D | E | W Auraria West
100%
D | E | W Ball Arena-Elitch Gardens
100%
D Littleton-Mineral
100%
D Oxford-City of Sheridan
100%
A | B | D | +4 others Union Station
100%
R Colfax
93%
E Colorado
93%
A Denver Airport
93%
D Englewood
93%
H | R Florida
93%
E Lone Tree City Center
93%
W Sheridan
93%
D | E 10th-Osage
86%
D | E Alameda
86%
E | R Arapahoe at Village Center
86%
R Aurora Metro Center
86%
N Commerce City-72nd
86%
W Decatur-Federal
86%
E | R Dry Creek
86%
D | E | W Empower Field at Mile High
86%
D | E I-25-Broadway
86%
H | R Iliff
86%
E | R Lincoln
86%
D Littleton-Downtown
86%
E Louisiana-Pearl
86%
H | R Nine Mile
86%
E | R Orchard
86%
E RidgeGate Parkway
86%
Suspended Theater District-Convention Ctr
86%
E University of Denver
86%
B Westminster
86%
Suspended 18th-California
79%
E | R Belleview
79%
E | R County Line
79%
D Evans
79%
W JeffCo Gov't Ctr-Golden
79%
G Olde Town Arvada
79%
A | R Peoria
79%
E Sky Ridge
79%
E | H Southmoor
79%
Suspended 16th-California
71%
E Yale
71%
Suspended 16th-Stout
64%
Suspended 18th-Stout
64%
A Central Park
64%
Suspended Colfax at Auraria
64%
H | R Dayton
64%
W Federal Center
64%
W Lakewood-Wadsworth
64%
G Wheat Ridge-Ward Road
64%
A 40th-Colorado
57%
W Knox
57%
B | G Pecos Junction
57%
N Thornton Crossroads-104th
57%
Suspended 30th-Downing
50%
B | G 41st-Fox
50%
G Arvada Ridge
50%
G Clear Creek-Federal
50%
R Fitzsimons
50%
Suspended 20th-Welton
43%
Suspended 25th-Welton
43%
Suspended 27th-Welton
43%
A 38th-Blake
43%
A 40th Ave & Airport Blvd-Gateway Park
43%
A 61st-Peña
43%
W Oak
43%
W Perry
43%
W Red Rocks College
43%
W Garrison
36%
W Lamar
36%
N Original Thornton-88th
36%
R 13th Ave
29%
R 2nd Ave-Abilene
29%
N 48th & Brighton-National Western Center
29%
G 60th & Sheridan-Arvada Gold Strike
29%
N Eastlake-124th
21%
N Northglenn-112th
14%
No matching quizzes found
Score Distribution
Percent of People with Each Score
Percentile by Number Answered
Your Score History
You have not taken this quiz